Statistics for Groups of Things - J.R.R. Tolkien

Click here to take the quiz!

General Stats

  • This quiz has been taken 275 times
  • The average score is 41 of 61

Answer Stats

Answer % Correct
The IstariGandalf the Grey
100%
Thorin and CompanyGandalf the Grey
100%
Fellowship of the RingFrodo Baggins
100%
Bearers of the One RingFrodo Baggins
100%
Fellowship of the RingGandalf the Grey
100%
Fellowship of the RingLegolas
99%
Bearers of the One RingSamwise Gamgee
98%
Fellowship of the RingGimli
98%
Fellowship of the RingSamwise Gamgee
98%
Fellowship of the RingMeriadoc Brandybuck
97%
Bearers of the One RingBilbo Baggins
97%
Thorin and CompanyBilbo Baggins
97%
Fellowship of the RingAragorn
97%
Fellowship of the RingPeregrin Took
96%
Fellowship of the RingBoromir
96%
Thorin and CompanyThorin II Oakenshield
95%
Bearers of the One RingGollum
94%
Bearers of the One RingSauron
91%
The IstariSaruman the White
90%
Thorin and CompanyGlóin
90%
Bearers of the One RingGandalf the Grey
89%
Thorin and CompanyKíli
88%
Thorin and CompanyFíli
87%
Thorin and CompanyBombur
86%
The IstariRadagast the Brown
85%
Thorin and CompanyBofur
83%
Thorin and CompanyBifur
82%
Thorin and CompanyÓin
82%
Thorin and CompanyBalin
78%
Bearers of the One RingIsildur
77%
Thorin and CompanyDwalin
75%
Thorin and CompanyOri
73%
Thorin and CompanyNori
73%
Thorin and CompanyDori
70%
Bearers of the One RingDéagol
57%
Children of IlúvatarElves
53%
Lords of the ValarManwë
52%
Children of IlúvatarMen
52%
Rings of CelebrimborNenya
51%
Rings of CelebrimborNarya
49%
Lords of the ValarMelkor
48%
Children of HúrinTurin Turambar
46%
Bearers of the One RingTom Bombadil
45%
Rings of CelebrimborVilya
41%
Ladies of the ValarYavanna
40%
Lords of the ValarUlmo
39%
Lords of the ValarOromë
38%
Ladies of the ValarVarda
38%
Lords of the ValarAulë
38%
Lords of the ValarNámo
35%
Lords of the ValarTulkas
35%
The IstariRómestámo
29%
Lords of the ValarIrmo
29%
Ladies of the ValarNienna
28%
Children of HúrinNienor
28%
The IstariMorinehtar
26%
Ladies of the ValarNessa
24%
Ladies of the ValarVána
20%
Ladies of the ValarEstë
20%
Ladies of the ValarVairë
18%
Children of HúrinUrwen
15%

Score Distribution

Percentile by Number Answered

Percent of People with Each Score

Your Score History

You have not taken this quiz